000 00735cam a22002411 4500
001 ne 63001068
003 DLC
005 20260227111746.0
008 791126s1962 ua a 000 0 eng
010 _ane 63001068
025 _aPL480:UAR-2192
035 _a(OCoLC)5728751
040 _aDLC
_cMChB
_dDLC
043 _af-ua---
050 0 0 _aDS110.5
_b.B34 1962
100 1 _aBassili, William Farid.
245 1 0 _aSinai and the Monastery of St. Catherine;
_ba practical guide for travellers.
250 _a4th ed.,
_bfully rev. with illus. and maps.
260 _a[Cairo]
_c1962.
300 _a186 p.
_billus.
_c19 cm.
651 0 _aSinai (Egypt)
_vGuidebooks.
610 2 0 _aSaint Catherine (Monastery : Mount Sinai)
_vGuidebooks.
999 _c45922
_d45922